De quel manga ce personnage est le Protagoniste - Statistiques

Statistiques générales
  • Ce quiz a été pris 193 fois
  • Le résultat moyen est 21 sur 40
Statistiques - réponses
Manga Personnages % Correct
One Pièce Monkey.D.Luffy
100%
Dragon Ball Son Goku
97%
Hunter X Hunter Gon Freecss
94%
Naruto Naruto Uzumaki
93%
L'attaque Des Titans Eren Jäger
89%
Death Note Light Yagami
88%
One Punch Man Saitama
86%
My Héro Academia Izuku Midoriya
85%
Pokémon Sacha Ketchum
84%
Démon Slayer Tanjiro Kamada
79%
Bleach Ichigo Kurosaki
76%
Seven Dealdy Sins Meliodas
71%
Tokyo Ghoul Ken Kaneki
68%
Assassnation Classeroom Nagisa Shiota
68%
Fullmetal Alchemist Edward Elric
67%
Haikyuu !! Hinata Shoyo
64%
Kuroko No Basket Kuroko Tetsuya
64%
Fairy Tail Lucy Heartfilia
64%
Jujutsu Kaysen Yuji Itadori
62%
Berserk Guts
58%
Code Geass Lelouch Lamperouge
57%
The Promised Neverland Emma
54%
Sword Art Online Kirito
53%
Tokyo Revengers Takemichi Hanagaki
52%
Vinland Saga Thorfinn
47%
Jojo's Bizzare Adventure Jonathan Joestar
44%
Blue Lock Isagi Yoichi
41%
Les Chevaliers Du Zodiaque Seiya
38%
Fire Force Shinra Kusakabe
30%
Blue Exorcist Rin Okumara
23%
Re Zéro Subaru
18%
Dandadan Momo
15%
Parasyte Shinichi Izumi
13%
No Game No Life Sora
13%
Eden's Zero Shiki Granbell
8%
Monster Kenzô Tenma
7%
Mob Psycho 100 Shigeo Kageyama
6%
Hajimete No Gal Junichi Hashiba
2%
Prison School Kiyoshi Fushino
1%
Kaiju N°8 Gregor Samsa
0%
Aucun quiz correspondant
Distribution des résultats
% des personnes avec chaque résultat
Percentile par nombre de réponses
Votre historique - résultats
Vous n’avez pas pris ce quiz